000 00516nam a2200181Ia 4500
003 GCL
008 140319s9999 xx 000 0 eng d
040 _aGCL /
_cGCL
082 0 4 _a327.73
_bS A
100 1 _aSCHULZINGER, ROBERT D
245 1 0 _aAMERICAN DIPLOMACY IN THE TWENTIETH CENTURY /
_cSCHULZINGER, ROBERT D
260 _a[S.N] :
_bOXFORD UNIVERSITY PRESS ،
_c1994
300 _a437 P
650 0 4 _aUNITED STATES
650 0 4 _aالبنوك-النقود
650 0 4 _aFOREIGN RELATIONS
942 _2ddc
_cBK
999 _c13604
_d13604